000 00760nam a22002537a 4500
003 PE SENCICO BE
005 20251020182635.0
008 230503b |||||||| |||| 00| 0 eng d
020 _a978-84-15941-31-6
040 _aPE SENCICO BE
_cPE SENCICO BE
041 _aspa
082 _a720.1
_bG96
100 1 _9973
_aGutiérrez Mozo, María Elia
_eautor
245 1 _aArquitectura y composición /
_bMaría Elia Gutiérrez Mozo
250 _a[1a ed.]
260 _aAlicante :
_bClub Universitario,
_c[2013]
300 _a248 p. :
_bil.,
_c24 cm.
650 1 4 _9670
_aTeoría de la arquitectura
650 2 4 _9974
_aNaturaleza (Estética)
650 2 4 _949
_aArquitectura
650 2 4 _9975
_aComposición (Arte)
910 _bhfp
_chfp
942 _2ddc
_cLIB
999 _c4120
_d4120